Cathédrales et églises de France en images - Clic quiz - #5 - Statistiques

Statistiques générales
  • Ce quiz a été pris 71 fois
  • Le résultat moyen est 5 sur 8
Statistiques - réponses
Hint Réponse % Correct
Strasbourg
95%
Paray-le-Monial
66%
Rodez
66%
Lisieux
52%
Lyon
51%
Montpellier
48%
Blois
46%
Angoulême
41%
Aucun quiz correspondant
Distribution des résultats
% des personnes avec chaque résultat
Percentile par nombre de réponses
Votre historique - résultats
Vous n’avez pas pris ce quiz